|
|
|
|
| LEADER |
00000cam a2200000 7i4500 |
| 001 |
0000002412 |
| 005 |
20030609.0 |
| 090 |
0 |
0 |
|a 633.3
|b TRO 1979
|
| 245 |
0 |
0 |
|a TROPICAL legumes :
|b resources for the future :
|b report of an ad hoc panel of the Advisory Committee on Technology Innovation, Board on Science and Technology for International Development, Commission on International Relations, National Research Council
|
| 260 |
0 |
0 |
|a Washington :
|b National Academy of Sciences ,
|c 1979
|
| 300 |
|
|
|a x, 331 p. :
|b ill. (some col.) ;
|c 23 cm.
|
| 500 |
0 |
0 |
|a Includes bibliographies and index
|
| 650 |
0 |
0 |
|a Legumes
|z Tropics
|
| 650 |
0 |
0 |
|a Tropical crops
|
| 998 |
|
|
|a JPSM
|
| 999 |
|
|
|a 0000004074
|b Monograph
|c Open Shelf
|e Default branch
|
| 999 |
|
|
|a 0000004098
|b Monograph
|c Open Shelf
|e Default branch
|